دور السياسات النقدية والمالية في مكافحة التضخم في البلدان النامية : دراسة حالة الجمهورية اليمنية (1990-2003م) /
Saved in:
| Main Author: | |
|---|---|
| Other Authors: | |
| Format: | Thesis |
| Language: | Arabic |
| Published: |
Algeria :
Jami'ah al-Jaza'ir,
2006
|
| Subjects: | |
| Tags: |
Add Tag
No Tags, Be the first to tag this record!
|
| LEADER | 017280000a22003010004500 | ||
|---|---|---|---|
| 008 | 120111s2005 df m 000 0 ara d | ||
| 040 | |a UIAM |b eng | ||
| 041 | |a ara | ||
| 050 | 0 | 0 | |a HG229 |
| 100 | 1 | |a جلال، أحمد | |
| 242 | 1 | 0 | |a Dawr al-siyasat al-naqdiyah wa al-maliyah fi mukafahat al-tadakhum fi al-buldan al-namiyah : |b dirasah halat al-jumhuriyah al-Yaminiyah (1990-2003M) |
| 245 | 1 | 0 | |a دور السياسات النقدية والمالية في مكافحة التضخم في البلدان النامية : |b دراسة حالة الجمهورية اليمنية (1990-2003م) / |c إعداد الطالب أحمد محمد صالح الجلال؛ الطيب ياسين |
| 260 | |a Algeria : |b Jami'ah al-Jaza'ir, |c 2006 | ||
| 300 | |a 265 leaves : |b cht ; |c 30 cm. | ||
| 500 | |a "رسالة مقدمةضمن متطلبات نيلشهادة الماجستير في علوم التسيير"On t.p. | ||
| 502 | |a Thesis (M.A.)--Jami'at al-Jaza'ir, 2005-2006. | ||
| 504 | |a Includes bibliographical references (leaves 252-259). | ||
| 596 | |a 1 4 | ||
| 650 | 0 | |a Monetary policy |z Developing countries | |
| 650 | 0 | |a Fiscal policy |z Developing countries | |
| 650 | 0 | |a Inflation (Finance) |z Developing countries | |
| 650 | 0 | |a Inflation (Finance) |z Developing countries Yemen | |
| 655 | |a Theses, Facsimile edition (Islamic) | ||
| 700 | 1 | |a Jalal, Ahmad | |
| 900 | |a arf-ls | ||
| 999 | |c 435229 |d 465336 | ||
| 952 | |0 0 |6 TI HG 000229 J26D 2006 |7 0 |8 THESES |9 755269 |a IIUM |b IIUM |c MULTIMEDIA |g 319.50 |o ti HG 229 J26D 2006 |p 00011216221 |r 2017-10-23 |t 1 |v 319.50 |y THESIS | ||
| 952 | |0 0 |6 TI HG 000229 J26D 2006 |7 0 |8 THESES |9 757443 |a IIiBFL |b IIiBFL |c CLOSEACCES |g 319.50 |o ti HG 229 J26D 2006 |p 00011216220 |r 2017-11-10 |t 1 |v 319.50 |y THESIS | ||
